<?xml version="1.0" encoding="UTF-8"?>
<record
    xmlns:xsi="http://www.w3.org/2001/XMLSchema-instance"
    xsi:schemaLocation="http://www.loc.gov/MARC21/slim http://www.loc.gov/standards/marcxml/schema/MARC21slim.xsd"
    xmlns="http://www.loc.gov/MARC21/slim">

  <leader>01064nas a2200241 454500</leader>
  <controlfield tag="001">26314</controlfield>
  <controlfield tag="005">20260407193507.0</controlfield>
  <controlfield tag="008">260407s1956####ag###########|||spa#d</controlfield>
  <controlfield tag="003">AR-UNSa-BCEJYS</controlfield>
  <datafield tag="040" ind1=" " ind2=" ">
    <subfield code="a">AR-UNSa-BCEJYS</subfield>
    <subfield code="b">spa</subfield>
    <subfield code="c">AR-UNSa-BCEJYS</subfield>
  </datafield>
  <datafield tag="080" ind1=" " ind2=" ">
    <subfield code="a">311.3</subfield>
    <subfield code="x">Organizaci&#xF3;n general de las estadisticas. Estad&#xED;stica oficial</subfield>
  </datafield>
  <datafield tag="245" ind1="1" ind2="0">
    <subfield code="a">Boletin mensual de estad&#xED;stica</subfield>
  </datafield>
  <datafield tag="264" ind1=" " ind2="1">
    <subfield code="a">Buenos Aires :</subfield>
    <subfield code="b">Direcci&#xF3;n Nacional de Estad&#xED;stica y Censos</subfield>
    <subfield code="c">1956</subfield>
  </datafield>
  <datafield tag="310" ind1=" " ind2=" ">
    <subfield code="a">Frecuencia: Mensual
Cambia de t&#xED;tulo a partir del N&#xBA; 1, Enero/Marzo de 1963 por Bolet&#xED;n de Estad&#xED;stica, la frecuencia cambia por trimestral.</subfield>
  </datafield>
  <datafield tag="942" ind1=" " ind2=" ">
    <subfield code="c">SER</subfield>
  </datafield>
  <datafield tag="590" ind1=" " ind2=" ">
    <subfield code="a">niveau_biblio:s niveau_hierar:1</subfield>
  </datafield>
  <datafield tag="100" ind1="1" ind2=" ">
    <subfield code="a">Argentina. Direcci&#xF3;n Nacional de Estad&#xED;stica y Censos</subfield>
  </datafield>
  <datafield tag="650" ind1=" " ind2=" ">
    <subfield code="a">Argentina</subfield>
  </datafield>
  <datafield tag="650" ind1=" " ind2=" ">
    <subfield code="a">ESTADISTICA</subfield>
  </datafield>
  <datafield tag="650" ind1=" " ind2=" ">
    <subfield code="a">Datos estad&#xED;sticos</subfield>
  </datafield>
  <datafield tag="650" ind1=" " ind2=" ">
    <subfield code="a">INDICADORES ECONOMICOS</subfield>
  </datafield>
  <datafield tag="856" ind1="4" ind2="1">
    <subfield code="u">https://biblioeco.unsa.edu.ar/pmb/images/revistas/Boletin mensual de estad?stica  Argentina. Direcci?n Nacional de Estad?stica y Censos.jpg</subfield>
    <subfield code="y">Imagen de portada</subfield>
    <subfield code="q">image/jpeg</subfield>
  </datafield>
  <datafield tag="999" ind1=" " ind2=" ">
    <subfield code="c">8603</subfield>
    <subfield code="d">8603</subfield>
  </datafield>
  <datafield tag="952" ind1=" " ind2=" ">
    <subfield code="0">0</subfield>
    <subfield code="1">0</subfield>
    <subfield code="4">0</subfield>
    <subfield code="7">0</subfield>
    <subfield code="a">BCEJYS</subfield>
    <subfield code="b">BCEJYS</subfield>
    <subfield code="c">17</subfield>
    <subfield code="d">1972-10-01</subfield>
    <subfield code="h">N&#xBA; 4 - oct./dic. 1972</subfield>
    <subfield code="l">0</subfield>
    <subfield code="o">H311.3 MEN 4.1972</subfield>
    <subfield code="p">R12653</subfield>
    <subfield code="r">2026-04-10 16:08:27</subfield>
    <subfield code="w">2026-04-10</subfield>
    <subfield code="y">RN</subfield>
  </datafield>
  <datafield tag="952" ind1=" " ind2=" ">
    <subfield code="0">0</subfield>
    <subfield code="1">0</subfield>
    <subfield code="4">0</subfield>
    <subfield code="7">0</subfield>
    <subfield code="a">BCEJYS</subfield>
    <subfield code="b">BCEJYS</subfield>
    <subfield code="c">17</subfield>
    <subfield code="d">1972-07-01</subfield>
    <subfield code="h">N&#xBA; 3 - jul./sep. 1972</subfield>
    <subfield code="l">0</subfield>
    <subfield code="o">H311.3 MEN 3.1972</subfield>
    <subfield code="p">R12652</subfield>
    <subfield code="r">2026-04-10 16:08:27</subfield>
    <subfield code="w">2026-04-10</subfield>
    <subfield code="y">RN</subfield>
  </datafield>
  <datafield tag="952" ind1=" " ind2=" ">
    <subfield code="0">0</subfield>
    <subfield code="1">0</subfield>
    <subfield code="4">0</subfield>
    <subfield code="7">0</subfield>
    <subfield code="a">BCEJYS</subfield>
    <subfield code="b">BCEJYS</subfield>
    <subfield code="c">17</subfield>
    <subfield code="d">1972-04-01</subfield>
    <subfield code="h">N&#xBA; 2 - abr./jun. 1972</subfield>
    <subfield code="l">0</subfield>
    <subfield code="o">H311.3 MEN 2.1972</subfield>
    <subfield code="p">R12651</subfield>
    <subfield code="r">2026-04-10 16:08:27</subfield>
    <subfield code="w">2026-04-10</subfield>
    <subfield code="y">RN</subfield>
  </datafield>
  <datafield tag="952" ind1=" " ind2=" ">
    <subfield code="0">0</subfield>
    <subfield code="1">0</subfield>
    <subfield code="4">0</subfield>
    <subfield code="7">0</subfield>
    <subfield code="a">BCEJYS</subfield>
    <subfield code="b">BCEJYS</subfield>
    <subfield code="c">17</subfield>
    <subfield code="d">1972-01-01</subfield>
    <subfield code="h">N&#xBA; 1 - ene./mar. 1972</subfield>
    <subfield code="l">0</subfield>
    <subfield code="o">H311.3 MEN 1.1972</subfield>
    <subfield code="p">R12650</subfield>
    <subfield code="r">2026-04-10 16:08:27</subfield>
    <subfield code="w">2026-04-10</subfield>
    <subfield code="y">RN</subfield>
  </datafield>
  <datafield tag="952" ind1=" " ind2=" ">
    <subfield code="0">0</subfield>
    <subfield code="1">0</subfield>
    <subfield code="4">0</subfield>
    <subfield code="7">0</subfield>
    <subfield code="a">BCEJYS</subfield>
    <subfield code="b">BCEJYS</subfield>
    <subfield code="c">17</subfield>
    <subfield code="d">1971-10-01</subfield>
    <subfield code="h">N&#xBA; 4 - oct./dic. 1971</subfield>
    <subfield code="l">0</subfield>
    <subfield code="o">H311.3 MEN 4.1971</subfield>
    <subfield code="p">R12649</subfield>
    <subfield code="r">2026-04-10 16:08:28</subfield>
    <subfield code="w">2026-04-10</subfield>
    <subfield code="y">RN</subfield>
  </datafield>
  <datafield tag="952" ind1=" " ind2=" ">
    <subfield code="0">0</subfield>
    <subfield code="1">0</subfield>
    <subfield code="4">0</subfield>
    <subfield code="7">0</subfield>
    <subfield code="a">BCEJYS</subfield>
    <subfield code="b">BCEJYS</subfield>
    <subfield code="c">17</subfield>
    <subfield code="d">1971-07-01</subfield>
    <subfield code="h">N&#xBA; 3 - jul./sep. 1971</subfield>
    <subfield code="l">0</subfield>
    <subfield code="o">H311.3 MEN 3.1971</subfield>
    <subfield code="p">R12648</subfield>
    <subfield code="r">2026-04-10 16:08:28</subfield>
    <subfield code="w">2026-04-10</subfield>
    <subfield code="y">RN</subfield>
  </datafield>
  <datafield tag="952" ind1=" " ind2=" ">
    <subfield code="0">0</subfield>
    <subfield code="1">0</subfield>
    <subfield code="4">0</subfield>
    <subfield code="7">0</subfield>
    <subfield code="a">BCEJYS</subfield>
    <subfield code="b">BCEJYS</subfield>
    <subfield code="c">17</subfield>
    <subfield code="d">1971-04-01</subfield>
    <subfield code="h">N&#xBA; 2 - abr./jun. 1971</subfield>
    <subfield code="l">0</subfield>
    <subfield code="o">H311.3 MEN 2.1971</subfield>
    <subfield code="p">R12647</subfield>
    <subfield code="r">2026-04-10 16:08:28</subfield>
    <subfield code="w">2026-04-10</subfield>
    <subfield code="y">RN</subfield>
  </datafield>
  <datafield tag="952" ind1=" " ind2=" ">
    <subfield code="0">0</subfield>
    <subfield code="1">0</subfield>
    <subfield code="4">0</subfield>
    <subfield code="7">0</subfield>
    <subfield code="a">BCEJYS</subfield>
    <subfield code="b">BCEJYS</subfield>
    <subfield code="c">17</subfield>
    <subfield code="d">1971-01-01</subfield>
    <subfield code="h">N&#xBA; 1 - ene./mar. 1971</subfield>
    <subfield code="l">0</subfield>
    <subfield code="o">H311.3 MEN 1.1971</subfield>
    <subfield code="p">R12646</subfield>
    <subfield code="r">2026-04-10 16:08:28</subfield>
    <subfield code="w">2026-04-10</subfield>
    <subfield code="y">RN</subfield>
  </datafield>
  <datafield tag="952" ind1=" " ind2=" ">
    <subfield code="0">0</subfield>
    <subfield code="1">0</subfield>
    <subfield code="4">0</subfield>
    <subfield code="7">0</subfield>
    <subfield code="a">BCEJYS</subfield>
    <subfield code="b">BCEJYS</subfield>
    <subfield code="c">17</subfield>
    <subfield code="d">1970-10-01</subfield>
    <subfield code="h">N&#xBA; 4 - oct./dic. 1970</subfield>
    <subfield code="l">0</subfield>
    <subfield code="o">H311.3 MEN 4.1970</subfield>
    <subfield code="p">R12645</subfield>
    <subfield code="r">2026-04-10 16:08:28</subfield>
    <subfield code="w">2026-04-10</subfield>
    <subfield code="y">RN</subfield>
  </datafield>
  <datafield tag="952" ind1=" " ind2=" ">
    <subfield code="0">0</subfield>
    <subfield code="1">0</subfield>
    <subfield code="4">0</subfield>
    <subfield code="7">0</subfield>
    <subfield code="a">BCEJYS</subfield>
    <subfield code="b">BCEJYS</subfield>
    <subfield code="c">17</subfield>
    <subfield code="d">1970-07-01</subfield>
    <subfield code="h">N&#xBA; 3 - jul./sep. 1970</subfield>
    <subfield code="l">0</subfield>
    <subfield code="o">H311.3 MEN 3.1970</subfield>
    <subfield code="p">R12644</subfield>
    <subfield code="r">2026-04-10 16:08:28</subfield>
    <subfield code="w">2026-04-10</subfield>
    <subfield code="y">RN</subfield>
  </datafield>
  <datafield tag="952" ind1=" " ind2=" ">
    <subfield code="0">0</subfield>
    <subfield code="1">0</subfield>
    <subfield code="4">0</subfield>
    <subfield code="7">0</subfield>
    <subfield code="a">BCEJYS</subfield>
    <subfield code="b">BCEJYS</subfield>
    <subfield code="c">17</subfield>
    <subfield code="d">1970-01-01</subfield>
    <subfield code="h">N&#xBA; 1 - ene./mar. 1970</subfield>
    <subfield code="l">0</subfield>
    <subfield code="o">H311.3 MEN 1.1970</subfield>
    <subfield code="p">R12643</subfield>
    <subfield code="r">2026-04-10 16:08:28</subfield>
    <subfield code="w">2026-04-10</subfield>
    <subfield code="y">RN</subfield>
  </datafield>
  <datafield tag="952" ind1=" " ind2=" ">
    <subfield code="0">0</subfield>
    <subfield code="1">0</subfield>
    <subfield code="4">0</subfield>
    <subfield code="7">0</subfield>
    <subfield code="a">BCEJYS</subfield>
    <subfield code="b">BCEJYS</subfield>
    <subfield code="c">17</subfield>
    <subfield code="d">1969-07-01</subfield>
    <subfield code="h">N&#xBA; 3 - jul./sep. 1969</subfield>
    <subfield code="l">0</subfield>
    <subfield code="o">H311.3 MEN 3.1969</subfield>
    <subfield code="p">R12642</subfield>
    <subfield code="r">2026-04-10 16:08:28</subfield>
    <subfield code="w">2026-04-10</subfield>
    <subfield code="y">RN</subfield>
  </datafield>
  <datafield tag="952" ind1=" " ind2=" ">
    <subfield code="0">0</subfield>
    <subfield code="1">0</subfield>
    <subfield code="4">0</subfield>
    <subfield code="7">0</subfield>
    <subfield code="a">BCEJYS</subfield>
    <subfield code="b">BCEJYS</subfield>
    <subfield code="c">17</subfield>
    <subfield code="d">1966-07-01</subfield>
    <subfield code="h">N&#xBA; 3 - jul./sep. 1966</subfield>
    <subfield code="l">0</subfield>
    <subfield code="o">H311.3 MEN 3.1966</subfield>
    <subfield code="p">R12641</subfield>
    <subfield code="r">2026-04-10 16:08:28</subfield>
    <subfield code="w">2026-04-10</subfield>
    <subfield code="y">RN</subfield>
  </datafield>
  <datafield tag="952" ind1=" " ind2=" ">
    <subfield code="0">0</subfield>
    <subfield code="1">0</subfield>
    <subfield code="4">0</subfield>
    <subfield code="7">0</subfield>
    <subfield code="a">BCEJYS</subfield>
    <subfield code="b">BCEJYS</subfield>
    <subfield code="c">17</subfield>
    <subfield code="d">1966-04-01</subfield>
    <subfield code="h">N&#xBA; 2 - abr./jun. 1966</subfield>
    <subfield code="l">0</subfield>
    <subfield code="o">H311.3 MEN 2.1966</subfield>
    <subfield code="p">R12640</subfield>
    <subfield code="r">2026-04-10 16:08:28</subfield>
    <subfield code="w">2026-04-10</subfield>
    <subfield code="y">RN</subfield>
  </datafield>
  <datafield tag="952" ind1=" " ind2=" ">
    <subfield code="0">0</subfield>
    <subfield code="1">0</subfield>
    <subfield code="4">0</subfield>
    <subfield code="7">0</subfield>
    <subfield code="a">BCEJYS</subfield>
    <subfield code="b">BCEJYS</subfield>
    <subfield code="c">17</subfield>
    <subfield code="d">1966-01-01</subfield>
    <subfield code="h">N&#xBA; 1 - ene./mar. 1966</subfield>
    <subfield code="l">0</subfield>
    <subfield code="o">H311.3 MEN 1.1966</subfield>
    <subfield code="p">R12639</subfield>
    <subfield code="r">2026-04-10 16:08:28</subfield>
    <subfield code="w">2026-04-10</subfield>
    <subfield code="y">RN</subfield>
  </datafield>
  <datafield tag="952" ind1=" " ind2=" ">
    <subfield code="0">0</subfield>
    <subfield code="1">0</subfield>
    <subfield code="4">0</subfield>
    <subfield code="7">0</subfield>
    <subfield code="a">BCEJYS</subfield>
    <subfield code="b">BCEJYS</subfield>
    <subfield code="c">17</subfield>
    <subfield code="d">1963-07-01</subfield>
    <subfield code="h">N&#xBA; 3 - jul./sep. 1963</subfield>
    <subfield code="l">0</subfield>
    <subfield code="o">H311.3 MEN 3.1963</subfield>
    <subfield code="p">R12635</subfield>
    <subfield code="r">2026-04-10 16:08:28</subfield>
    <subfield code="w">2026-04-10</subfield>
    <subfield code="y">RN</subfield>
  </datafield>
  <datafield tag="952" ind1=" " ind2=" ">
    <subfield code="0">0</subfield>
    <subfield code="1">0</subfield>
    <subfield code="4">0</subfield>
    <subfield code="7">0</subfield>
    <subfield code="a">BCEJYS</subfield>
    <subfield code="b">BCEJYS</subfield>
    <subfield code="c">17</subfield>
    <subfield code="d">1963-04-01</subfield>
    <subfield code="h">N&#xBA; 2 - abr./jun. 1963</subfield>
    <subfield code="l">0</subfield>
    <subfield code="o">H311.3 MEN 2.1963</subfield>
    <subfield code="p">R12634</subfield>
    <subfield code="r">2026-04-10 16:08:28</subfield>
    <subfield code="w">2026-04-10</subfield>
    <subfield code="y">RN</subfield>
  </datafield>
  <datafield tag="952" ind1=" " ind2=" ">
    <subfield code="0">0</subfield>
    <subfield code="1">0</subfield>
    <subfield code="4">0</subfield>
    <subfield code="7">0</subfield>
    <subfield code="a">BCEJYS</subfield>
    <subfield code="b">BCEJYS</subfield>
    <subfield code="c">17</subfield>
    <subfield code="d">1963-01-01</subfield>
    <subfield code="h">N&#xBA; 1 - ene./mar. 1963</subfield>
    <subfield code="l">0</subfield>
    <subfield code="o">H311.3 MEN 1.1963</subfield>
    <subfield code="p">R12633</subfield>
    <subfield code="r">2026-04-10 16:08:28</subfield>
    <subfield code="w">2026-04-10</subfield>
    <subfield code="y">RN</subfield>
  </datafield>
  <datafield tag="952" ind1=" " ind2=" ">
    <subfield code="0">0</subfield>
    <subfield code="1">0</subfield>
    <subfield code="4">0</subfield>
    <subfield code="7">0</subfield>
    <subfield code="a">BCEJYS</subfield>
    <subfield code="b">BCEJYS</subfield>
    <subfield code="c">17</subfield>
    <subfield code="d">1962-05-01</subfield>
    <subfield code="h">N&#xBA; 5 - mayo 1962</subfield>
    <subfield code="l">0</subfield>
    <subfield code="o">H311.3 MEN 5.1962</subfield>
    <subfield code="p">R12632</subfield>
    <subfield code="r">2026-04-10 16:08:28</subfield>
    <subfield code="w">2026-04-10</subfield>
    <subfield code="y">RN</subfield>
  </datafield>
  <datafield tag="952" ind1=" " ind2=" ">
    <subfield code="0">0</subfield>
    <subfield code="1">0</subfield>
    <subfield code="4">0</subfield>
    <subfield code="7">0</subfield>
    <subfield code="a">BCEJYS</subfield>
    <subfield code="b">BCEJYS</subfield>
    <subfield code="c">17</subfield>
    <subfield code="d">1961-10-01</subfield>
    <subfield code="h">N&#xBA; 10 - oct. 1961</subfield>
    <subfield code="l">0</subfield>
    <subfield code="o">H311.3 MEN 10.1961</subfield>
    <subfield code="p">R12631</subfield>
    <subfield code="r">2026-04-10 16:08:28</subfield>
    <subfield code="w">2026-04-10</subfield>
    <subfield code="y">RN</subfield>
  </datafield>
  <datafield tag="952" ind1=" " ind2=" ">
    <subfield code="0">0</subfield>
    <subfield code="1">0</subfield>
    <subfield code="4">0</subfield>
    <subfield code="7">0</subfield>
    <subfield code="a">BCEJYS</subfield>
    <subfield code="b">BCEJYS</subfield>
    <subfield code="c">17</subfield>
    <subfield code="d">1961-09-01</subfield>
    <subfield code="h">N&#xBA; 9 - sep. 1961</subfield>
    <subfield code="l">0</subfield>
    <subfield code="o">H311.3 MEN 9.1961</subfield>
    <subfield code="p">R12630</subfield>
    <subfield code="r">2026-04-10 16:08:28</subfield>
    <subfield code="w">2026-04-10</subfield>
    <subfield code="y">RN</subfield>
  </datafield>
  <datafield tag="952" ind1=" " ind2=" ">
    <subfield code="0">0</subfield>
    <subfield code="1">0</subfield>
    <subfield code="4">0</subfield>
    <subfield code="7">0</subfield>
    <subfield code="a">BCEJYS</subfield>
    <subfield code="b">BCEJYS</subfield>
    <subfield code="c">17</subfield>
    <subfield code="d">1961-08-01</subfield>
    <subfield code="h">N&#xBA; 8 - ago. 1961</subfield>
    <subfield code="l">0</subfield>
    <subfield code="o">H311.3 MEN 8.1961</subfield>
    <subfield code="p">R12629</subfield>
    <subfield code="r">2026-04-10 16:08:28</subfield>
    <subfield code="w">2026-04-10</subfield>
    <subfield code="y">RN</subfield>
  </datafield>
  <datafield tag="952" ind1=" " ind2=" ">
    <subfield code="0">0</subfield>
    <subfield code="1">0</subfield>
    <subfield code="4">0</subfield>
    <subfield code="7">0</subfield>
    <subfield code="a">BCEJYS</subfield>
    <subfield code="b">BCEJYS</subfield>
    <subfield code="c">17</subfield>
    <subfield code="d">1961-07-01</subfield>
    <subfield code="h">N&#xBA; 7 - jul. 1961</subfield>
    <subfield code="l">0</subfield>
    <subfield code="o">H311.3 MEN 7.1961</subfield>
    <subfield code="p">R12628</subfield>
    <subfield code="r">2026-04-10 16:08:28</subfield>
    <subfield code="w">2026-04-10</subfield>
    <subfield code="y">RN</subfield>
  </datafield>
  <datafield tag="952" ind1=" " ind2=" ">
    <subfield code="0">0</subfield>
    <subfield code="1">0</subfield>
    <subfield code="4">0</subfield>
    <subfield code="7">0</subfield>
    <subfield code="a">BCEJYS</subfield>
    <subfield code="b">BCEJYS</subfield>
    <subfield code="c">17</subfield>
    <subfield code="d">1961-06-01</subfield>
    <subfield code="h">N&#xBA; 6 - jun. 1961</subfield>
    <subfield code="l">0</subfield>
    <subfield code="o">H311.3 MEN 6.1961</subfield>
    <subfield code="p">R12627</subfield>
    <subfield code="r">2026-04-10 16:08:28</subfield>
    <subfield code="w">2026-04-10</subfield>
    <subfield code="y">RN</subfield>
  </datafield>
  <datafield tag="952" ind1=" " ind2=" ">
    <subfield code="0">0</subfield>
    <subfield code="1">0</subfield>
    <subfield code="4">0</subfield>
    <subfield code="7">0</subfield>
    <subfield code="a">BCEJYS</subfield>
    <subfield code="b">BCEJYS</subfield>
    <subfield code="c">17</subfield>
    <subfield code="d">1961-05-01</subfield>
    <subfield code="h">N&#xBA; 5 - mayo 1961</subfield>
    <subfield code="l">0</subfield>
    <subfield code="o">H311.3 MEN 5.1961</subfield>
    <subfield code="p">R12626</subfield>
    <subfield code="r">2026-04-10 16:08:28</subfield>
    <subfield code="w">2026-04-10</subfield>
    <subfield code="y">RN</subfield>
  </datafield>
  <datafield tag="952" ind1=" " ind2=" ">
    <subfield code="0">0</subfield>
    <subfield code="1">0</subfield>
    <subfield code="4">0</subfield>
    <subfield code="7">0</subfield>
    <subfield code="a">BCEJYS</subfield>
    <subfield code="b">BCEJYS</subfield>
    <subfield code="c">17</subfield>
    <subfield code="d">1961-04-01</subfield>
    <subfield code="h">N&#xBA; 4 - abr. 1961</subfield>
    <subfield code="l">0</subfield>
    <subfield code="o">H311.3 MEN 4.1961</subfield>
    <subfield code="p">R12625</subfield>
    <subfield code="r">2026-04-10 16:08:28</subfield>
    <subfield code="w">2026-04-10</subfield>
    <subfield code="y">RN</subfield>
  </datafield>
  <datafield tag="952" ind1=" " ind2=" ">
    <subfield code="0">0</subfield>
    <subfield code="1">0</subfield>
    <subfield code="4">0</subfield>
    <subfield code="7">0</subfield>
    <subfield code="a">BCEJYS</subfield>
    <subfield code="b">BCEJYS</subfield>
    <subfield code="c">17</subfield>
    <subfield code="d">1961-03-01</subfield>
    <subfield code="h">N&#xBA; 3 - mar. 1961</subfield>
    <subfield code="l">0</subfield>
    <subfield code="o">H311.3 MEN 3.1961</subfield>
    <subfield code="p">R12624</subfield>
    <subfield code="r">2026-04-10 16:08:28</subfield>
    <subfield code="w">2026-04-10</subfield>
    <subfield code="y">RN</subfield>
  </datafield>
  <datafield tag="952" ind1=" " ind2=" ">
    <subfield code="0">0</subfield>
    <subfield code="1">0</subfield>
    <subfield code="4">0</subfield>
    <subfield code="7">0</subfield>
    <subfield code="a">BCEJYS</subfield>
    <subfield code="b">BCEJYS</subfield>
    <subfield code="c">17</subfield>
    <subfield code="d">1961-02-01</subfield>
    <subfield code="h">N&#xBA; 2 - feb. 1961</subfield>
    <subfield code="l">0</subfield>
    <subfield code="o">H311.3 MEN 2.1961</subfield>
    <subfield code="p">R12623</subfield>
    <subfield code="r">2026-04-10 16:08:28</subfield>
    <subfield code="w">2026-04-10</subfield>
    <subfield code="y">RN</subfield>
  </datafield>
  <datafield tag="952" ind1=" " ind2=" ">
    <subfield code="0">0</subfield>
    <subfield code="1">0</subfield>
    <subfield code="4">0</subfield>
    <subfield code="7">0</subfield>
    <subfield code="a">BCEJYS</subfield>
    <subfield code="b">BCEJYS</subfield>
    <subfield code="c">17</subfield>
    <subfield code="d">1961-01-01</subfield>
    <subfield code="h">N&#xBA; 1 - ene. 1961</subfield>
    <subfield code="l">0</subfield>
    <subfield code="o">H311.3 MEN 1.1961</subfield>
    <subfield code="p">R12622</subfield>
    <subfield code="r">2026-04-10 16:08:28</subfield>
    <subfield code="w">2026-04-10</subfield>
    <subfield code="y">RN</subfield>
  </datafield>
  <datafield tag="952" ind1=" " ind2=" ">
    <subfield code="0">0</subfield>
    <subfield code="1">0</subfield>
    <subfield code="4">0</subfield>
    <subfield code="7">0</subfield>
    <subfield code="a">BCEJYS</subfield>
    <subfield code="b">BCEJYS</subfield>
    <subfield code="c">17</subfield>
    <subfield code="d">1960-12-01</subfield>
    <subfield code="h">N&#xBA; 12 - dic. 1960</subfield>
    <subfield code="l">0</subfield>
    <subfield code="o">H311.3 MEN 12.1960</subfield>
    <subfield code="p">R12621</subfield>
    <subfield code="r">2026-04-10 16:08:28</subfield>
    <subfield code="w">2026-04-10</subfield>
    <subfield code="y">RN</subfield>
  </datafield>
  <datafield tag="952" ind1=" " ind2=" ">
    <subfield code="0">0</subfield>
    <subfield code="1">0</subfield>
    <subfield code="4">0</subfield>
    <subfield code="7">0</subfield>
    <subfield code="a">BCEJYS</subfield>
    <subfield code="b">BCEJYS</subfield>
    <subfield code="c">17</subfield>
    <subfield code="d">1960-11-01</subfield>
    <subfield code="h">N&#xBA; 11 - nov. 1960</subfield>
    <subfield code="l">0</subfield>
    <subfield code="o">H311.3 MEN 11.1960</subfield>
    <subfield code="p">R12620</subfield>
    <subfield code="r">2026-04-10 16:08:28</subfield>
    <subfield code="w">2026-04-10</subfield>
    <subfield code="y">RN</subfield>
  </datafield>
  <datafield tag="952" ind1=" " ind2=" ">
    <subfield code="0">0</subfield>
    <subfield code="1">0</subfield>
    <subfield code="4">0</subfield>
    <subfield code="7">0</subfield>
    <subfield code="a">BCEJYS</subfield>
    <subfield code="b">BCEJYS</subfield>
    <subfield code="c">17</subfield>
    <subfield code="d">1960-10-01</subfield>
    <subfield code="h">N&#xBA; 10 - oct. 1960</subfield>
    <subfield code="l">0</subfield>
    <subfield code="o">H311.3 MEN 10.1960</subfield>
    <subfield code="p">R12619</subfield>
    <subfield code="r">2026-04-10 16:08:28</subfield>
    <subfield code="w">2026-04-10</subfield>
    <subfield code="y">RN</subfield>
  </datafield>
  <datafield tag="952" ind1=" " ind2=" ">
    <subfield code="0">0</subfield>
    <subfield code="1">0</subfield>
    <subfield code="4">0</subfield>
    <subfield code="7">0</subfield>
    <subfield code="a">BCEJYS</subfield>
    <subfield code="b">BCEJYS</subfield>
    <subfield code="c">17</subfield>
    <subfield code="d">1960-09-01</subfield>
    <subfield code="h">N&#xBA; 9 - sep. 1960</subfield>
    <subfield code="l">0</subfield>
    <subfield code="o">H311.3 MEN 9.1960</subfield>
    <subfield code="p">R12618</subfield>
    <subfield code="r">2026-04-10 16:08:28</subfield>
    <subfield code="w">2026-04-10</subfield>
    <subfield code="y">RN</subfield>
  </datafield>
  <datafield tag="952" ind1=" " ind2=" ">
    <subfield code="0">0</subfield>
    <subfield code="1">0</subfield>
    <subfield code="4">0</subfield>
    <subfield code="7">0</subfield>
    <subfield code="a">BCEJYS</subfield>
    <subfield code="b">BCEJYS</subfield>
    <subfield code="c">17</subfield>
    <subfield code="d">1960-08-01</subfield>
    <subfield code="h">N&#xBA; 8 - ago. 1960</subfield>
    <subfield code="l">0</subfield>
    <subfield code="o">H311.3 MEN 8.1960</subfield>
    <subfield code="p">R12617</subfield>
    <subfield code="r">2026-04-10 16:08:28</subfield>
    <subfield code="w">2026-04-10</subfield>
    <subfield code="y">RN</subfield>
  </datafield>
  <datafield tag="952" ind1=" " ind2=" ">
    <subfield code="0">0</subfield>
    <subfield code="1">0</subfield>
    <subfield code="4">0</subfield>
    <subfield code="7">0</subfield>
    <subfield code="a">BCEJYS</subfield>
    <subfield code="b">BCEJYS</subfield>
    <subfield code="c">17</subfield>
    <subfield code="d">1960-07-01</subfield>
    <subfield code="h">N&#xBA; 7 - jul. 1960</subfield>
    <subfield code="l">0</subfield>
    <subfield code="o">H311.3 MEN 7.1960</subfield>
    <subfield code="p">R12616</subfield>
    <subfield code="r">2026-04-10 16:08:28</subfield>
    <subfield code="w">2026-04-10</subfield>
    <subfield code="y">RN</subfield>
  </datafield>
  <datafield tag="952" ind1=" " ind2=" ">
    <subfield code="0">0</subfield>
    <subfield code="1">0</subfield>
    <subfield code="4">0</subfield>
    <subfield code="7">0</subfield>
    <subfield code="a">BCEJYS</subfield>
    <subfield code="b">BCEJYS</subfield>
    <subfield code="c">17</subfield>
    <subfield code="d">1960-06-01</subfield>
    <subfield code="h">N&#xBA; 6 - jun. 1960</subfield>
    <subfield code="l">0</subfield>
    <subfield code="o">H311.3 MEN 6.1960</subfield>
    <subfield code="p">R12615</subfield>
    <subfield code="r">2026-04-10 16:08:28</subfield>
    <subfield code="w">2026-04-10</subfield>
    <subfield code="y">RN</subfield>
  </datafield>
  <datafield tag="952" ind1=" " ind2=" ">
    <subfield code="0">0</subfield>
    <subfield code="1">0</subfield>
    <subfield code="4">0</subfield>
    <subfield code="7">0</subfield>
    <subfield code="a">BCEJYS</subfield>
    <subfield code="b">BCEJYS</subfield>
    <subfield code="c">17</subfield>
    <subfield code="d">1960-05-01</subfield>
    <subfield code="h">N&#xBA; 5 - mayo 1960</subfield>
    <subfield code="l">0</subfield>
    <subfield code="o">H311.3 MEN 5.1960</subfield>
    <subfield code="p">R12614</subfield>
    <subfield code="r">2026-04-10 16:08:28</subfield>
    <subfield code="w">2026-04-10</subfield>
    <subfield code="y">RN</subfield>
  </datafield>
  <datafield tag="952" ind1=" " ind2=" ">
    <subfield code="0">0</subfield>
    <subfield code="1">0</subfield>
    <subfield code="4">0</subfield>
    <subfield code="7">0</subfield>
    <subfield code="a">BCEJYS</subfield>
    <subfield code="b">BCEJYS</subfield>
    <subfield code="c">17</subfield>
    <subfield code="d">1960-04-01</subfield>
    <subfield code="h">N&#xBA; 4 - abr. 1960</subfield>
    <subfield code="l">0</subfield>
    <subfield code="o">H311.3 MEN 4.1960</subfield>
    <subfield code="p">R12613</subfield>
    <subfield code="r">2026-04-10 16:08:28</subfield>
    <subfield code="w">2026-04-10</subfield>
    <subfield code="y">RN</subfield>
  </datafield>
  <datafield tag="952" ind1=" " ind2=" ">
    <subfield code="0">0</subfield>
    <subfield code="1">0</subfield>
    <subfield code="4">0</subfield>
    <subfield code="7">0</subfield>
    <subfield code="a">BCEJYS</subfield>
    <subfield code="b">BCEJYS</subfield>
    <subfield code="c">17</subfield>
    <subfield code="d">1960-03-01</subfield>
    <subfield code="h">N&#xBA; 3 - mar. 1960</subfield>
    <subfield code="l">0</subfield>
    <subfield code="o">H311.3 MEN 3.1960</subfield>
    <subfield code="p">R12612</subfield>
    <subfield code="r">2026-04-10 16:08:28</subfield>
    <subfield code="w">2026-04-10</subfield>
    <subfield code="y">RN</subfield>
  </datafield>
  <datafield tag="952" ind1=" " ind2=" ">
    <subfield code="0">0</subfield>
    <subfield code="1">0</subfield>
    <subfield code="4">0</subfield>
    <subfield code="7">0</subfield>
    <subfield code="a">BCEJYS</subfield>
    <subfield code="b">BCEJYS</subfield>
    <subfield code="c">17</subfield>
    <subfield code="d">1960-02-01</subfield>
    <subfield code="h">N&#xBA; 2 - feb. 1960</subfield>
    <subfield code="l">0</subfield>
    <subfield code="o">H311.3 MEN 2.1960</subfield>
    <subfield code="p">R12611</subfield>
    <subfield code="r">2026-04-10 16:08:28</subfield>
    <subfield code="w">2026-04-10</subfield>
    <subfield code="y">RN</subfield>
  </datafield>
  <datafield tag="952" ind1=" " ind2=" ">
    <subfield code="0">0</subfield>
    <subfield code="1">0</subfield>
    <subfield code="4">0</subfield>
    <subfield code="7">0</subfield>
    <subfield code="a">BCEJYS</subfield>
    <subfield code="b">BCEJYS</subfield>
    <subfield code="c">17</subfield>
    <subfield code="d">1960-01-01</subfield>
    <subfield code="h">N&#xBA; 1 - ene. 1960</subfield>
    <subfield code="l">0</subfield>
    <subfield code="o">H311.3 MEN 1.1960</subfield>
    <subfield code="p">R12610</subfield>
    <subfield code="r">2026-04-10 16:08:28</subfield>
    <subfield code="w">2026-04-10</subfield>
    <subfield code="y">RN</subfield>
  </datafield>
  <datafield tag="952" ind1=" " ind2=" ">
    <subfield code="0">0</subfield>
    <subfield code="1">0</subfield>
    <subfield code="4">0</subfield>
    <subfield code="7">0</subfield>
    <subfield code="a">BCEJYS</subfield>
    <subfield code="b">BCEJYS</subfield>
    <subfield code="c">17</subfield>
    <subfield code="d">1959-12-01</subfield>
    <subfield code="h">N&#xBA; 12 - dic. 1959</subfield>
    <subfield code="l">0</subfield>
    <subfield code="o">H311.3 MEN 12.1959</subfield>
    <subfield code="p">R12609</subfield>
    <subfield code="r">2026-04-10 16:08:28</subfield>
    <subfield code="w">2026-04-10</subfield>
    <subfield code="y">RN</subfield>
  </datafield>
  <datafield tag="952" ind1=" " ind2=" ">
    <subfield code="0">0</subfield>
    <subfield code="1">0</subfield>
    <subfield code="4">0</subfield>
    <subfield code="7">0</subfield>
    <subfield code="a">BCEJYS</subfield>
    <subfield code="b">BCEJYS</subfield>
    <subfield code="c">17</subfield>
    <subfield code="d">1959-11-01</subfield>
    <subfield code="h">N&#xBA; 11 - nov. 1959</subfield>
    <subfield code="l">0</subfield>
    <subfield code="o">H311.3 MEN 11.1959</subfield>
    <subfield code="p">R12608</subfield>
    <subfield code="r">2026-04-10 16:08:28</subfield>
    <subfield code="w">2026-04-10</subfield>
    <subfield code="y">RN</subfield>
  </datafield>
  <datafield tag="952" ind1=" " ind2=" ">
    <subfield code="0">0</subfield>
    <subfield code="1">0</subfield>
    <subfield code="4">0</subfield>
    <subfield code="7">0</subfield>
    <subfield code="a">BCEJYS</subfield>
    <subfield code="b">BCEJYS</subfield>
    <subfield code="c">17</subfield>
    <subfield code="d">1959-10-01</subfield>
    <subfield code="h">N&#xBA; 10 - oct. 1959</subfield>
    <subfield code="l">0</subfield>
    <subfield code="o">H311.3 MEN 10.1959</subfield>
    <subfield code="p">R12607</subfield>
    <subfield code="r">2026-04-10 16:08:28</subfield>
    <subfield code="w">2026-04-10</subfield>
    <subfield code="y">RN</subfield>
  </datafield>
  <datafield tag="952" ind1=" " ind2=" ">
    <subfield code="0">0</subfield>
    <subfield code="1">0</subfield>
    <subfield code="4">0</subfield>
    <subfield code="7">0</subfield>
    <subfield code="a">BCEJYS</subfield>
    <subfield code="b">BCEJYS</subfield>
    <subfield code="c">17</subfield>
    <subfield code="d">1959-09-01</subfield>
    <subfield code="h">N&#xBA; 9 - sep. 1959</subfield>
    <subfield code="l">0</subfield>
    <subfield code="o">H311.3 MEN 9.1959</subfield>
    <subfield code="p">R12606</subfield>
    <subfield code="r">2026-04-10 16:08:28</subfield>
    <subfield code="w">2026-04-10</subfield>
    <subfield code="y">RN</subfield>
  </datafield>
  <datafield tag="952" ind1=" " ind2=" ">
    <subfield code="0">0</subfield>
    <subfield code="1">0</subfield>
    <subfield code="4">0</subfield>
    <subfield code="7">0</subfield>
    <subfield code="a">BCEJYS</subfield>
    <subfield code="b">BCEJYS</subfield>
    <subfield code="c">17</subfield>
    <subfield code="d">1959-08-01</subfield>
    <subfield code="h">N&#xBA; 8 - ago. 1959</subfield>
    <subfield code="l">0</subfield>
    <subfield code="o">H311.3 MEN 8.1959</subfield>
    <subfield code="p">R12605</subfield>
    <subfield code="r">2026-04-10 16:08:28</subfield>
    <subfield code="w">2026-04-10</subfield>
    <subfield code="y">RN</subfield>
  </datafield>
  <datafield tag="952" ind1=" " ind2=" ">
    <subfield code="0">0</subfield>
    <subfield code="1">0</subfield>
    <subfield code="4">0</subfield>
    <subfield code="7">0</subfield>
    <subfield code="a">BCEJYS</subfield>
    <subfield code="b">BCEJYS</subfield>
    <subfield code="c">17</subfield>
    <subfield code="d">1959-07-01</subfield>
    <subfield code="h">N&#xBA; 7 - jul. 1959</subfield>
    <subfield code="l">0</subfield>
    <subfield code="o">H311.3 MEN 7.1959</subfield>
    <subfield code="p">R12604</subfield>
    <subfield code="r">2026-04-10 16:08:28</subfield>
    <subfield code="w">2026-04-10</subfield>
    <subfield code="y">RN</subfield>
  </datafield>
  <datafield tag="952" ind1=" " ind2=" ">
    <subfield code="0">0</subfield>
    <subfield code="1">0</subfield>
    <subfield code="4">0</subfield>
    <subfield code="7">0</subfield>
    <subfield code="a">BCEJYS</subfield>
    <subfield code="b">BCEJYS</subfield>
    <subfield code="c">17</subfield>
    <subfield code="d">1959-06-01</subfield>
    <subfield code="h">N&#xBA; 6 - jun. 1959</subfield>
    <subfield code="l">0</subfield>
    <subfield code="o">H311.3 MEN 6.1959</subfield>
    <subfield code="p">R12603</subfield>
    <subfield code="r">2026-04-10 16:08:28</subfield>
    <subfield code="w">2026-04-10</subfield>
    <subfield code="y">RN</subfield>
  </datafield>
  <datafield tag="952" ind1=" " ind2=" ">
    <subfield code="0">0</subfield>
    <subfield code="1">0</subfield>
    <subfield code="4">0</subfield>
    <subfield code="7">0</subfield>
    <subfield code="a">BCEJYS</subfield>
    <subfield code="b">BCEJYS</subfield>
    <subfield code="c">17</subfield>
    <subfield code="d">1959-05-01</subfield>
    <subfield code="h">N&#xBA; 5 - mayo 1959</subfield>
    <subfield code="l">0</subfield>
    <subfield code="o">H311.3 MEN 5.1959</subfield>
    <subfield code="p">R12602</subfield>
    <subfield code="r">2026-04-10 16:08:28</subfield>
    <subfield code="w">2026-04-10</subfield>
    <subfield code="y">RN</subfield>
  </datafield>
  <datafield tag="952" ind1=" " ind2=" ">
    <subfield code="0">0</subfield>
    <subfield code="1">0</subfield>
    <subfield code="4">0</subfield>
    <subfield code="7">0</subfield>
    <subfield code="a">BCEJYS</subfield>
    <subfield code="b">BCEJYS</subfield>
    <subfield code="c">17</subfield>
    <subfield code="d">1959-04-01</subfield>
    <subfield code="h">N&#xBA; 4 - abr. 1959</subfield>
    <subfield code="l">0</subfield>
    <subfield code="o">H311.3 MEN 4.1959</subfield>
    <subfield code="p">R12601</subfield>
    <subfield code="r">2026-04-10 16:08:28</subfield>
    <subfield code="w">2026-04-10</subfield>
    <subfield code="y">RN</subfield>
  </datafield>
  <datafield tag="952" ind1=" " ind2=" ">
    <subfield code="0">0</subfield>
    <subfield code="1">0</subfield>
    <subfield code="4">0</subfield>
    <subfield code="7">0</subfield>
    <subfield code="a">BCEJYS</subfield>
    <subfield code="b">BCEJYS</subfield>
    <subfield code="c">17</subfield>
    <subfield code="d">1959-03-01</subfield>
    <subfield code="h">N&#xBA; 3 - mar. 1959</subfield>
    <subfield code="l">0</subfield>
    <subfield code="o">H311.3 MEN 3.1959</subfield>
    <subfield code="p">R12600</subfield>
    <subfield code="r">2026-04-10 16:08:28</subfield>
    <subfield code="w">2026-04-10</subfield>
    <subfield code="y">RN</subfield>
  </datafield>
  <datafield tag="952" ind1=" " ind2=" ">
    <subfield code="0">0</subfield>
    <subfield code="1">0</subfield>
    <subfield code="4">0</subfield>
    <subfield code="7">0</subfield>
    <subfield code="a">BCEJYS</subfield>
    <subfield code="b">BCEJYS</subfield>
    <subfield code="c">17</subfield>
    <subfield code="d">1959-02-01</subfield>
    <subfield code="h">N&#xBA; 2 - feb. 1959</subfield>
    <subfield code="l">0</subfield>
    <subfield code="o">H311.3 MEN 2.1959</subfield>
    <subfield code="p">R12599</subfield>
    <subfield code="r">2026-04-10 16:08:28</subfield>
    <subfield code="w">2026-04-10</subfield>
    <subfield code="y">RN</subfield>
  </datafield>
  <datafield tag="952" ind1=" " ind2=" ">
    <subfield code="0">0</subfield>
    <subfield code="1">0</subfield>
    <subfield code="4">0</subfield>
    <subfield code="7">0</subfield>
    <subfield code="a">BCEJYS</subfield>
    <subfield code="b">BCEJYS</subfield>
    <subfield code="c">17</subfield>
    <subfield code="d">1959-01-01</subfield>
    <subfield code="h">N&#xBA; 1 - ene. 1959</subfield>
    <subfield code="l">0</subfield>
    <subfield code="o">H311.3 MEN 1.1959</subfield>
    <subfield code="p">R12598</subfield>
    <subfield code="r">2026-04-10 16:08:28</subfield>
    <subfield code="w">2026-04-10</subfield>
    <subfield code="y">RN</subfield>
  </datafield>
  <datafield tag="952" ind1=" " ind2=" ">
    <subfield code="0">0</subfield>
    <subfield code="1">0</subfield>
    <subfield code="4">0</subfield>
    <subfield code="7">0</subfield>
    <subfield code="a">BCEJYS</subfield>
    <subfield code="b">BCEJYS</subfield>
    <subfield code="c">17</subfield>
    <subfield code="d">1958-10-01</subfield>
    <subfield code="h">A&#xF1;o III, N&#xBA; 10 - oct. 1958</subfield>
    <subfield code="l">0</subfield>
    <subfield code="o">H311.3 MEN 10.1958</subfield>
    <subfield code="p">R12597</subfield>
    <subfield code="r">2026-04-10 16:08:28</subfield>
    <subfield code="w">2026-04-10</subfield>
    <subfield code="y">RN</subfield>
  </datafield>
  <datafield tag="952" ind1=" " ind2=" ">
    <subfield code="0">0</subfield>
    <subfield code="1">0</subfield>
    <subfield code="4">0</subfield>
    <subfield code="7">0</subfield>
    <subfield code="a">BCEJYS</subfield>
    <subfield code="b">BCEJYS</subfield>
    <subfield code="c">17</subfield>
    <subfield code="d">1958-09-01</subfield>
    <subfield code="h">A&#xF1;o III, N&#xBA; 9 - sep. 1958</subfield>
    <subfield code="l">0</subfield>
    <subfield code="o">H311.3 MEN 9.1958</subfield>
    <subfield code="p">R12596</subfield>
    <subfield code="r">2026-04-10 16:08:28</subfield>
    <subfield code="w">2026-04-10</subfield>
    <subfield code="y">RN</subfield>
  </datafield>
  <datafield tag="952" ind1=" " ind2=" ">
    <subfield code="0">0</subfield>
    <subfield code="1">0</subfield>
    <subfield code="4">0</subfield>
    <subfield code="7">0</subfield>
    <subfield code="a">BCEJYS</subfield>
    <subfield code="b">BCEJYS</subfield>
    <subfield code="c">17</subfield>
    <subfield code="d">1958-08-01</subfield>
    <subfield code="h">A&#xF1;o III, N&#xBA; 8 - ago. 1958</subfield>
    <subfield code="l">0</subfield>
    <subfield code="o">H311.3 MEN 8.1958</subfield>
    <subfield code="p">R12595</subfield>
    <subfield code="r">2026-04-10 16:08:28</subfield>
    <subfield code="w">2026-04-10</subfield>
    <subfield code="y">RN</subfield>
  </datafield>
  <datafield tag="952" ind1=" " ind2=" ">
    <subfield code="0">0</subfield>
    <subfield code="1">0</subfield>
    <subfield code="4">0</subfield>
    <subfield code="7">0</subfield>
    <subfield code="a">BCEJYS</subfield>
    <subfield code="b">BCEJYS</subfield>
    <subfield code="c">17</subfield>
    <subfield code="d">1958-07-01</subfield>
    <subfield code="h">A&#xF1;o III, N&#xBA; 7 - jul. 1958</subfield>
    <subfield code="l">0</subfield>
    <subfield code="o">H311.3 MEN 7.1958</subfield>
    <subfield code="p">R12594</subfield>
    <subfield code="r">2026-04-10 16:08:28</subfield>
    <subfield code="w">2026-04-10</subfield>
    <subfield code="y">RN</subfield>
  </datafield>
  <datafield tag="952" ind1=" " ind2=" ">
    <subfield code="0">0</subfield>
    <subfield code="1">0</subfield>
    <subfield code="4">0</subfield>
    <subfield code="7">0</subfield>
    <subfield code="a">BCEJYS</subfield>
    <subfield code="b">BCEJYS</subfield>
    <subfield code="c">17</subfield>
    <subfield code="d">1958-06-01</subfield>
    <subfield code="h">A&#xF1;o III, N&#xBA; 6 - jun. 1958</subfield>
    <subfield code="l">0</subfield>
    <subfield code="o">H311.3 MEN 6.1958</subfield>
    <subfield code="p">R12593</subfield>
    <subfield code="r">2026-04-10 16:08:28</subfield>
    <subfield code="w">2026-04-10</subfield>
    <subfield code="y">RN</subfield>
  </datafield>
  <datafield tag="952" ind1=" " ind2=" ">
    <subfield code="0">0</subfield>
    <subfield code="1">0</subfield>
    <subfield code="4">0</subfield>
    <subfield code="7">0</subfield>
    <subfield code="a">BCEJYS</subfield>
    <subfield code="b">BCEJYS</subfield>
    <subfield code="c">17</subfield>
    <subfield code="d">1958-05-01</subfield>
    <subfield code="h">A&#xF1;o III, N&#xBA; 5 - mayo 1958</subfield>
    <subfield code="l">0</subfield>
    <subfield code="o">H311.3 MEN 5.1958</subfield>
    <subfield code="p">R12592</subfield>
    <subfield code="r">2026-04-10 16:08:28</subfield>
    <subfield code="w">2026-04-10</subfield>
    <subfield code="y">RN</subfield>
  </datafield>
  <datafield tag="952" ind1=" " ind2=" ">
    <subfield code="0">0</subfield>
    <subfield code="1">0</subfield>
    <subfield code="4">0</subfield>
    <subfield code="7">0</subfield>
    <subfield code="a">BCEJYS</subfield>
    <subfield code="b">BCEJYS</subfield>
    <subfield code="c">17</subfield>
    <subfield code="d">1958-02-01</subfield>
    <subfield code="h">A&#xF1;o III, N&#xBA; 2 - feb. 1958</subfield>
    <subfield code="l">0</subfield>
    <subfield code="o">H311.3 MEN 2.1958</subfield>
    <subfield code="p">R12591</subfield>
    <subfield code="r">2026-04-10 16:08:28</subfield>
    <subfield code="w">2026-04-10</subfield>
    <subfield code="y">RN</subfield>
  </datafield>
  <datafield tag="952" ind1=" " ind2=" ">
    <subfield code="0">0</subfield>
    <subfield code="1">0</subfield>
    <subfield code="4">0</subfield>
    <subfield code="7">0</subfield>
    <subfield code="a">BCEJYS</subfield>
    <subfield code="b">BCEJYS</subfield>
    <subfield code="c">17</subfield>
    <subfield code="d">1958-01-01</subfield>
    <subfield code="h">A&#xF1;o III, N&#xBA; 1 - ene. 1958</subfield>
    <subfield code="l">0</subfield>
    <subfield code="o">H311.3 MEN 1.1958</subfield>
    <subfield code="p">R12590</subfield>
    <subfield code="r">2026-04-10 16:08:28</subfield>
    <subfield code="w">2026-04-10</subfield>
    <subfield code="y">RN</subfield>
  </datafield>
  <datafield tag="952" ind1=" " ind2=" ">
    <subfield code="0">0</subfield>
    <subfield code="1">0</subfield>
    <subfield code="4">0</subfield>
    <subfield code="7">0</subfield>
    <subfield code="a">BCEJYS</subfield>
    <subfield code="b">BCEJYS</subfield>
    <subfield code="c">17</subfield>
    <subfield code="d">1957-11-01</subfield>
    <subfield code="h">A&#xF1;o II, N&#xBA; 11 - nov. 1957</subfield>
    <subfield code="l">0</subfield>
    <subfield code="o">H311.3 MEN 11.1957</subfield>
    <subfield code="p">R12589</subfield>
    <subfield code="r">2026-04-10 16:08:28</subfield>
    <subfield code="w">2026-04-10</subfield>
    <subfield code="y">RN</subfield>
  </datafield>
  <datafield tag="952" ind1=" " ind2=" ">
    <subfield code="0">0</subfield>
    <subfield code="1">0</subfield>
    <subfield code="4">0</subfield>
    <subfield code="7">0</subfield>
    <subfield code="a">BCEJYS</subfield>
    <subfield code="b">BCEJYS</subfield>
    <subfield code="c">17</subfield>
    <subfield code="d">1957-09-01</subfield>
    <subfield code="h">A&#xF1;o II, N&#xBA; 9 - sep. 1957</subfield>
    <subfield code="l">0</subfield>
    <subfield code="o">H311.3 MEN 9.1957</subfield>
    <subfield code="p">R12588</subfield>
    <subfield code="r">2026-04-10 16:08:28</subfield>
    <subfield code="w">2026-04-10</subfield>
    <subfield code="y">RN</subfield>
  </datafield>
  <datafield tag="952" ind1=" " ind2=" ">
    <subfield code="0">0</subfield>
    <subfield code="1">0</subfield>
    <subfield code="4">0</subfield>
    <subfield code="7">0</subfield>
    <subfield code="a">BCEJYS</subfield>
    <subfield code="b">BCEJYS</subfield>
    <subfield code="c">17</subfield>
    <subfield code="d">1957-08-01</subfield>
    <subfield code="h">A&#xF1;o II, N&#xBA; 8 - ago. 1957</subfield>
    <subfield code="l">0</subfield>
    <subfield code="o">H311.3 MEN 8.1957</subfield>
    <subfield code="p">R12587</subfield>
    <subfield code="r">2026-04-10 16:08:28</subfield>
    <subfield code="w">2026-04-10</subfield>
    <subfield code="y">RN</subfield>
  </datafield>
  <datafield tag="952" ind1=" " ind2=" ">
    <subfield code="0">0</subfield>
    <subfield code="1">0</subfield>
    <subfield code="4">0</subfield>
    <subfield code="7">0</subfield>
    <subfield code="a">BCEJYS</subfield>
    <subfield code="b">BCEJYS</subfield>
    <subfield code="c">17</subfield>
    <subfield code="d">1957-07-01</subfield>
    <subfield code="h">A&#xF1;o II, N&#xBA; 7 - jul. 1957</subfield>
    <subfield code="l">0</subfield>
    <subfield code="o">H311.3 MEN 7.1957</subfield>
    <subfield code="p">R12586</subfield>
    <subfield code="r">2026-04-10 16:08:28</subfield>
    <subfield code="w">2026-04-10</subfield>
    <subfield code="y">RN</subfield>
  </datafield>
  <datafield tag="952" ind1=" " ind2=" ">
    <subfield code="0">0</subfield>
    <subfield code="1">0</subfield>
    <subfield code="4">0</subfield>
    <subfield code="7">0</subfield>
    <subfield code="a">BCEJYS</subfield>
    <subfield code="b">BCEJYS</subfield>
    <subfield code="c">17</subfield>
    <subfield code="d">1957-01-01</subfield>
    <subfield code="h">A&#xF1;o II, N&#xBA; 1/6 - ene./jun. 1957</subfield>
    <subfield code="l">0</subfield>
    <subfield code="o">H311.3 MEN 1/6.1956</subfield>
    <subfield code="p">R12585</subfield>
    <subfield code="r">2026-04-10 16:08:28</subfield>
    <subfield code="w">2026-04-10</subfield>
    <subfield code="y">RN</subfield>
  </datafield>
  <datafield tag="952" ind1=" " ind2=" ">
    <subfield code="0">0</subfield>
    <subfield code="1">0</subfield>
    <subfield code="4">0</subfield>
    <subfield code="7">0</subfield>
    <subfield code="a">BCEJYS</subfield>
    <subfield code="b">BCEJYS</subfield>
    <subfield code="c">17</subfield>
    <subfield code="d">1956-10-01</subfield>
    <subfield code="h">A&#xF1;o I, N&#xBA; 10/12 - oct./dic. 1956</subfield>
    <subfield code="l">0</subfield>
    <subfield code="o">H311.3 MEN 10/12.1956</subfield>
    <subfield code="p">R12584</subfield>
    <subfield code="r">2026-04-10 16:08:28</subfield>
    <subfield code="w">2026-04-10</subfield>
    <subfield code="y">RN</subfield>
  </datafield>
  <datafield tag="952" ind1=" " ind2=" ">
    <subfield code="0">0</subfield>
    <subfield code="1">0</subfield>
    <subfield code="4">0</subfield>
    <subfield code="7">0</subfield>
    <subfield code="a">BCEJYS</subfield>
    <subfield code="b">BCEJYS</subfield>
    <subfield code="c">17</subfield>
    <subfield code="d">1956-09-01</subfield>
    <subfield code="h">A&#xF1;o I, N&#xBA; 9 - sep. 1956</subfield>
    <subfield code="l">0</subfield>
    <subfield code="o">H311.3 MEN 9.1956</subfield>
    <subfield code="p">R12583</subfield>
    <subfield code="r">2026-04-10 16:08:28</subfield>
    <subfield code="w">2026-04-10</subfield>
    <subfield code="y">RN</subfield>
  </datafield>
</record>
